000 00590cam a2200169 4500
001 D13444
008 090401t1968 xxu||||| |||| 00| 0 eng d
035 _a(Sirsi) u9822
041 _aeng
100 _aMilne, John A
245 _aBuilders' estimating simply explained
260 _aLondon
_bGeorge Godwin Ltd for The Builder Ltd
_c1968
350 _a0
520 _aShelf 132. Based on the 5th edition of the Standard Method of Measurement of Building Works, the RIBA conditions of contract and the National Working Rules for the Building Industry
942 _n0
948 _c04/03/1997
999 _c86670
_d86670